Datum a čas kvízu
24.5
Celkem bodů
Celkový počet nahraných bodů na tomto kvízu bez doplňovacích otázek.
3.
Pořadí na kvízu
Konečné umístění týmu na tomto kvízu.
Zaznamenané odpovědi
| # | Otázka | Odpověď | Body | Výsledky |
|---|---|---|---|---|
| 1. | Premiér Petr Fiala začal natáč... | z Kramářovy vily | 0 | |
| 2. | Chorvatská národní banka oznám... | kuna | 1 | |
| 3. | Ve čtvrtek začal již 72. roční... | Berlinale | 1 | |
| 4. | Ve věku 78 let v úterý zemřel... | dm drogerie | 1 | |
| 5. | NBA zaznamenala minulý týden n... | James Harden | 0 | |
| 6. | Začneme jedním ze základních a... | 1C 2B 3D 4A | 0 | |
| 7. | Jak se nazývá kreslicí materiá... | rudka | 0 | |
| 8. | Který španělský malíř žijící v... | Francisco Goya | 1 | |
| 9. | Na obrázku vidíme typ mikrotuž... | verzatilka (versatilka) | 1 | |
| 10. | Firma Koh-i-noor Hardtmuth je... | v Českých Budějovicích | 1 |